| 000 | 00560nam a2200205 a 4500 | ||
|---|---|---|---|
| 005 | 20240924070551.0 | ||
| 008 | 991125s1993 ag 000 0 spa u | ||
| 020 | _a950602281X | ||
| 035 | _aUPN01000031946 | ||
| 049 | _aCG | ||
| 050 | 4 |
_aBD241 _bW3.48 |
|
| 100 | 1 |
_aWalzer, Michael, _d1935- |
|
| 245 | 1 | 0 |
_aInterpretación y crítica social / _cMichael Walzer ; tr. Horacio Pons. |
| 260 |
_aBuenos Aires : _bNueva Visión, _c1993. |
||
| 300 | _a95 p. | ||
| 440 | 0 | _aDiagonal | |
| 650 | 4 |
_aÉtica _912720 |
|
| 650 | 4 |
_aHermenéutica _95799 |
|
| 905 | _aLibro | ||
| 999 |
_c31946 _d31946 |
||